[Event "Queima das Fitas op"]
[Site "Coimbra"]
[Date "2024.04.28"]
[Round "7"]
[White "Goncalves, Samuel Jesus P"]
[Black "Santos, Tomas Afonso Pires"]
[Result "0-1"]
[WhiteElo "2190"]
[BlackElo "1904"]
[PlyCount "122"]
[EventDate "2024.04.25"]
[EventType "swiss"]
[EventRounds "7"]
[EventCountry "POR"]
[SourceTitle "CB18_2024"]
[SourceDate "2024.05.01"]
[SourceVersion "1"]
[SourceVersionDate "2024.05.01"]
[SourceQuality "2"]

1. d4 Nf6 2. c4 g6 3. g3 Bg7 4. Bg2 c5 5. d5 0-0 6. Nc3 d6 7. Nf3 e6 8. 0-0 exd5 9. cxd5 a6 10. a4 Nbd7 11. Bf4 Qc7 12. e4 Nh5 13. Be3 Rb8 14. a5 b5 15. axb6 Rxb6 16. Ra2 Re8 17. Qc2 Rb4 18. Bd2 Nhf6 19. Re1 Ng4 20. Nb1 Rb8 21. Ba5 Qa7 22. Nbd2 Nde5 23. Nxe5 Nxe5 24. h3 Bd7 25. Kh2 Bb5 26. Bf1 c4 27. Kg2 Nd3 28. Bxd3 cxd3 29. Qc7 Qxc7 30. Bxc7 Rbc8 31. Bxd6 Rc2 32. Bf4 Bxb2 33. Rxb2 Rxb2 34. e5 a5 35. Ne4 Ra8 36. e6 fxe6 37. Nf6+ Kf7 38. dxe6+ Kxf6 39. Be5+ Kxe6 40. Bxb2+ Kd5 41. Kf3 Rf8+ 42. Ke3 Re8+ 43. Kd2 Rxe1 44. Kxe1 Kc4 45. Kd2 Kb3 46. Be5 a4 47. Kc1 Kc4 48. Kd2 a3 49. f4 Kb3 50. Kc1 Bc4 51. g4 Ka4 52. Kd2 Kb5 53. Bd6 a2 54. Be5 Kc5 55. Ke3 Kd5 56. Bg7 d2 57. Kxd2 Ke4 58. Be5 g5 59. Ke1 gxf4 60. Bc3 Kf3 61. g5 Kg2 0-1

[Event "Guimaraes op"]
[Site "Guimaraes"]
[Date "2021.08.29"]
[Round "9"]
[White "Santos, Tomas Afonso Pires"]
[Black "Barrento, Jorge Maria Lopes"]
[Result "0-1"]
[WhiteElo "1389"]
[BlackElo "1708"]
[PlyCount "70"]
[EventDate "2021.08.24"]
[EventType "swiss"]
[EventRounds "9"]
[EventCountry "POR"]
[SourceTitle "CBM 204 Extra"]
[Source "ChessBase"]
[SourceDate "2021.11.30"]
[SourceVersion "1"]
[SourceVersionDate "2021.11.30"]
[SourceQuality "1"]

1. e4 d5 2. exd5 Nf6 3. d4 Bg4 4. f3 Bf5 5. Bb5+ Nbd7 6. c4 a6 7. Bxd7+ Qxd7 8. Nc3 e6 9. dxe6 fxe6 10. Nge2 c5 11. Be3 Rc8 12. Na4 cxd4 13. Nb6 Qc7 14. Bxd4 Rd8 15. Qa4+ Kf7 16. Qb3 Bc5 17. Bxc5 Qxc5 18. Na4 Qa5+ 19. Nac3 Bd3 20. 0-0 Qc5+ 21. Kh1 Bxc4 22. Qxb7+ Rd7 23. Ne4 Rxb7 24. Nxc5 Rxb2 25. Nc3 Bxf1 26. Rxf1 Rc8 27. Nd3 Rc2 28. Nd1 Rxa2 29. N1f2 Rcc2 30. g4 Nd5 31. Kg1 a5 32. Rb1 Nb4 33. Ne5+ Kf6 34. Ned3 Nxd3 35. Nxd3 Rg2+ 0-1